Datum a čas kvízu

24 Celkem bodů Celkový počet nahraných bodů na tomto kvízu bez doplňovacích otázek.
15. Pořadí na kvízu Konečné umístění týmu na tomto kvízu.

Zaznamenané odpovědi

# Otázka Odpověď Body Výsledky
1. Ministr zahraničí České republ... Madeleine Albrightová 0
2. Dvaaosmdesátiletý prezident Ab... Alžírsko 0
3. Stejně jako je _____ _____ cen... Skleněný pokoj 1
4. Od 11. do 17. března proběhl n... Týden mozku 0
5. Páteční los určil čtvrtfinálov... 1B 2D 3A 4C 0
1. Začneme seriály Breaking Bad (... metamfetamin 1
2. Seriál The Crown, popisující ž... na území Řecka 0
3. Jak se nazývá velké anglické m... Birmingham 1
4. Herečku Robin Wrightovou, jedn... Forrest Gump 0
5. Jak se jmenuje český herec, da... Aleš Háma 0